Autostrade e Regioni attraversate - Quiz n°1 - Statistics

Statistiche generali
  • Questo quiz è stato fatto 17 volte
  • Il punteggio medio è 30 su 36
Statistiche sulle risposte
Domanda Casella Select % Corretto
A4 Autostrada Serenissima Trentino-Alto Adige No
100%
A4 Autostrada Serenissima Veneto
100%
A4 Autostrada Serenissima Emilia-Romagna No
94%
A15 Autostrada della Cisa Emilia-Romagna
94%
A5 Autostrada della Valle d'Aosta Liguria No
94%
A21 Autostrada dei Vini Liguria No
94%
A5 Autostrada della Valle d'Aosta Lombardia No
94%
A4 Autostrada Serenissima Lombardia
94%
A5 Autostrada della Valle d'Aosta Piemonte
94%
A12 Autostrada Azzurra Piemonte No
94%
A5 Autostrada della Valle d'Aosta Toscana No
94%
A5 Autostrada della Valle d'Aosta Valle d'Aosta
94%
A5 Autostrada della Valle d'Aosta Veneto No
94%
A15 Autostrada della Cisa Veneto No
94%
A 25 Autostrada dei Parchi Abruzzo
88%
A12 Autostrada Azzurra Emilia-Romagna No
88%
A4 Autostrada Serenissima Friuli-Venezia Giulia
88%
A15 Autostrada della Cisa Lombardia No
88%
A15 Autostrada della Cisa Piemonte No
88%
A21 Autostrada dei Vini Toscana No
88%
A 25 Autostrada dei Parchi Campania No
82%
A12 Autostrada Azzurra Umbria No
82%
A12 Autostrada Azzurra Liguria
76%
A 25 Autostrada dei Parchi Marche No
76%
A 25 Autostrada dei Parchi Molise No
76%
A21 Autostrada dei Vini Emilia-Romagna
71%
A15 Autostrada della Cisa Liguria
71%
A4 Autostrada Serenissima Piemonte
71%
A21 Autostrada dei Vini Veneto No
71%
A 25 Autostrada dei Parchi Lazio
65%
A21 Autostrada dei Vini Lombardia
65%
A12 Autostrada Azzurra Toscana
65%
A15 Autostrada della Cisa Toscana
65%
A 25 Autostrada dei Parchi Umbria No
65%
A12 Autostrada Azzurra Lazio
59%
A21 Autostrada dei Vini Piemonte
59%
Nessun quiz corrispondente trovato
Distribuzione punteggi
Percentuale di utenti per punteggio
Percentile per numero di risposta
I tuoi punteggi nel tempo
Non hai fatto questo quiz